MARC details
| 000 -CABECERA |
| campo de control de longitud fija |
00743nam a2200217 a 4500 |
| 005 - FECHA Y HORA DE LA ÚLTIMA TRANSACCIÓN |
| campo de control |
20210223125258.0 |
| 008 - ELEMENTOS DE LONGITUD FIJA--INFORMACIÓN GENERAL |
| campo de control de longitud fija |
040217s2001 mx r 000 0 spa d |
| 020 ## - NÚMERO INTERNACIONAL NORMALIZADO PARA LIBROS |
| Número Internacional Estándar del Libro |
8477388954 |
| 035 ## - NÚMERO DE CONTROL DEL SISTEMA |
| Número de control de sistema |
UPN01000131964 |
| 049 ## - COLECCIÓN |
| Colección |
CG |
| 050 #4 - SIGNATURA TOPOGRÁFICA DE LA BIBLIOTECA DEL CONGRESO |
| Número de clasificación |
GV705 |
| Número de documento/Ítem |
C6.4 |
| 100 1# - ASIENTO PRINCIPAL--NOMBRE PERSONAL |
| Nombre de persona |
Contreras Jordán, Onofre Ricardo |
| 245 10 - MENCIÓN DE TÍTULO |
| Título |
Iniciación deportiva / |
| Mención de responsabilidad, etc. |
Onofre Ricardo Contreras, Eduardo de la Torre, Roberto Velázquez. |
| 260 ## - PUBLICACIÓN, DISTRIBUCIÓN, ETC. |
| Lugar de publicación, distribución, etc. |
Madrid : |
| Nombre del editor, distribuidor, etc. |
Síntesis, |
| Fecha de publicación, distribución, etc. |
[2001]. |
| 300 ## - DESCRIPCIÓN FÍSICA |
| Extensión |
350 p. : |
| Otras características físicas |
cuadros |
| 440 #0 - MENCIÓN DE SERIE/ASIENTO SECUNDARIO--TÍTULO |
| Título |
Actividad física y deporte. |
| Nombre de parte o sección de la obra |
Fundamentos del deporte ; |
| Designación de volumen o secuencia |
1 |
| 650 #4 - ASIENTO SECUNDARIO DE MATERIA - TERMINO TEMATICO |
| Término de materia o nombre geográfico como elemento de entrada |
DEPORTES - |
| Subdivisión general |
ESTUDIO Y ENSEÑANZA |
| 9 (RLIN) |
10375 |
| 700 1# - ASIENTO SECUNDARIO--NOMBRE DE PERSONAL |
| Nombre de persona |
Torre Navarro, Eduardo de la, |
| Término indicativo de función/relación |
coaut. |
| 700 1# - ASIENTO SECUNDARIO--NOMBRE DE PERSONAL |
| Nombre de persona |
Velázquez Buendía, Roberto, |
| Término indicativo de función/relación |
coaut. |
| 905 ## - TIPO DE MATERIAL |
| Tipo de material |
Libro |